UBT Library

A reader's guide to contemporary literary theory. (Record no. 40255)

000 -LEADER
fixed length control field 00781cam a2200241 a 4500
001 - CONTROL NUMBER
control field 3452173
005 - DATE AND TIME OF LATEST TRANSACTION
control field 20180115052520.0
008 - FIXED-LENGTH DATA ELEMENTS--GENERAL INFORMATION
fixed length control field 921224s1993 kyu b s001 0 eng
010 ## - LIBRARY OF CONGRESS CONTROL NUMBER
LC control number 92047056
020 ## - INTERNATIONAL STANDARD BOOK NUMBER
International Standard Book Number 0813108160 :
Terms of availability $12.00
040 ## - CATALOGING SOURCE
Original cataloging agency DLC
Transcribing agency DLC
Modifying agency DLC
041 ## - LANGUAGE CODE
Language code of text/sound track or separate title eng
080 ## - UNIVERSAL DECIMAL CLASSIFICATION NUMBER
Universal Decimal Classification number 801.950904 SEL
082 00 - DEWEY DECIMAL CLASSIFICATION NUMBER
Classification number 801.950904 SEL
Edition number 20
100 1# - Rafti
Rafti 21
101 ## - Shkurtesa
Shkurtesa GJL
245 12 - TITLE STATEMENT
Title A reader's guide to contemporary literary theory.
504 ## - BIBLIOGRAPHY, ETC. NOTE
Bibliography, etc Includes bibliographical references and index.
740 0# - ADDED ENTRY--UNCONTROLLED RELATED/ANALYTICAL TITLE
Uncontrolled related/analytical title Contemporary literary theory.
906 ## - LOCAL DATA ELEMENT F, LDF (RLIN)
a 7
b cbc
c orignew
d 1
e ocip
f 19
g y-gencatlg
942 ## - ADDED ENTRY ELEMENTS (KOHA)
Source of classification or shelving scheme
Item type Books
Holdings
Withdrawn status Lost status Source of classification or shelving scheme Damaged status Not for loan Collection code Permanent location Current location Shelving location Date acquired Total Checkouts Full call number Barcode Date last seen Price effective from Koha item type
          Koleksioni i përgjithshem UBT - Lipjan UBT - Lipjan Koleksioni i përgjithshem 01/15/2018   801.950904 SEL 002-2995516 01/15/2018 01/15/2018 Books
UBT Library © 2015-2024. All rights reserved University Education for Business and Technology